<?xml version="1.0" encoding="UTF-8"?>
<record
    xmlns:xsi="http://www.w3.org/2001/XMLSchema-instance"
    xsi:schemaLocation="http://www.loc.gov/MARC21/slim http://www.loc.gov/standards/marcxml/schema/MARC21slim.xsd"
    xmlns="http://www.loc.gov/MARC21/slim">

  <leader>01510nam a2200397 a 4500</leader>
  <controlfield tag="008">951212s1980||||CS               0  slo c</controlfield>
  <datafield tag="020" ind1=" " ind2=" ">
    <subfield code="c">60 K&#x10D;s. </subfield>
    <subfield code="q">(10000 v&#xFD;tl.)</subfield>
  </datafield>
  <datafield tag="040" ind1=" " ind2=" ">
    <subfield code="a">SNK</subfield>
    <subfield code="b">slo</subfield>
    <subfield code="c">SNK</subfield>
    <subfield code="e">AACR2</subfield>
  </datafield>
  <datafield tag="044" ind1=" " ind2=" ">
    <subfield code="a">xo</subfield>
    <subfield code="c">SK</subfield>
  </datafield>
  <datafield tag="080" ind1=" " ind2=" ">
    <subfield code="a">719(437.6):779</subfield>
  </datafield>
  <datafield tag="080" ind1=" " ind2=" ">
    <subfield code="a">779</subfield>
  </datafield>
  <datafield tag="080" ind1=" " ind2=" ">
    <subfield code="a">779</subfield>
  </datafield>
  <datafield tag="080" ind1=" " ind2=" ">
    <subfield code="a">719(437.6)</subfield>
  </datafield>
  <datafield tag="100" ind1="1" ind2=" ">
    <subfield code="a">Jankovi&#x10D;, Vendel&#xED;n</subfield>
  </datafield>
  <datafield tag="245" ind1="1" ind2="0">
    <subfield code="a">N&#xE1;rodn&#xE9; kult&#xFA;rne pamiatky na Slovensku</subfield>
    <subfield code="c">Vendel&#xED;n Jankovi&#x10D; ; Eva Kri&#x17E;anov&#xE1;, Blanka Pu&#x161;k&#xE1;rov&#xE1;, Imrich Pu&#x161;k&#xE1;r, Andrej Fiala, Libu&#x161;e Cidlinsk&#xE1;, M&#xE1;ria Kodo&#x148;ov&#xE1;, Michal Horsk&#xFD;, J&#xE1;n Lichner, Ladislav Borod&#xE1;&#x10D;, Robert Bro&#x17E;, Kodo&#x148;ov&#xE1;, Kraj&#x10D;ovi&#x10D;ov&#xE1;, Ladziansk&#xFD;, R&#xE1;kayov&#xE1;</subfield>
  </datafield>
  <datafield tag="250" ind1=" " ind2=" ">
    <subfield code="a">1., vyd.</subfield>
  </datafield>
  <datafield tag="260" ind1=" " ind2=" ">
    <subfield code="a">Martin</subfield>
    <subfield code="b">Osveta</subfield>
    <subfield code="c">1980</subfield>
    <subfield code="e">Martin</subfield>
    <subfield code="f">Tla&#x10D;iarne SNP</subfield>
  </datafield>
  <datafield tag="300" ind1=" " ind2=" ">
    <subfield code="a">301 s., 42,04 AH</subfield>
    <subfield code="c">25 cm</subfield>
  </datafield>
  <datafield tag="500" ind1=" " ind2=" ">
    <subfield code="a">Lit. 144. Fot. na front. Slovn&#xED;k pou&#x17E;. architektonick&#xFD;ch v&#xFD;razov. Res. rus., nem. a angl. 144 z&#xE1;zn. lit. o knih&#xE1;ch, &#x10D;l. a zbor. v jaz. slov., &#x10D;es. a ma&#x10F;.</subfield>
  </datafield>
  <datafield tag="700" ind1="1" ind2=" ">
    <subfield code="a">Kri&#x17E;anov&#xE1;, Eva</subfield>
    <subfield code="4">aut</subfield>
  </datafield>
  <datafield tag="700" ind1="1" ind2=" ">
    <subfield code="a">Pu&#x161;k&#xE1;rov&#xE1;, Blanka</subfield>
    <subfield code="4">aut</subfield>
  </datafield>
  <datafield tag="700" ind1="1" ind2=" ">
    <subfield code="a">Pu&#x161;k&#xE1;r, Imrich</subfield>
    <subfield code="4">aut</subfield>
  </datafield>
  <datafield tag="700" ind1="1" ind2=" ">
    <subfield code="a">Fiala, Andrej</subfield>
    <subfield code="4">aut</subfield>
  </datafield>
  <datafield tag="700" ind1="1" ind2=" ">
    <subfield code="a">Cidlinsk&#xE1;, Libu&#x161;e</subfield>
    <subfield code="4">aut</subfield>
  </datafield>
  <datafield tag="700" ind1="1" ind2=" ">
    <subfield code="a">Kodo&#x148;ov&#xE1;, M&#xE1;ria</subfield>
    <subfield code="4">aut</subfield>
  </datafield>
  <datafield tag="700" ind1="1" ind2=" ">
    <subfield code="a">Horsk&#xFD;, Michal</subfield>
    <subfield code="4">aut</subfield>
  </datafield>
  <datafield tag="700" ind1="1" ind2=" ">
    <subfield code="a">Lichner, J&#xE1;n</subfield>
    <subfield code="4">aut</subfield>
  </datafield>
  <datafield tag="700" ind1="1" ind2=" ">
    <subfield code="a">Borod&#xE1;&#x10D;, Ladislav</subfield>
    <subfield code="4">gup</subfield>
  </datafield>
  <datafield tag="700" ind1="1" ind2=" ">
    <subfield code="a">Bro&#x17E;, Robert</subfield>
    <subfield code="4">gup</subfield>
  </datafield>
  <datafield tag="700" ind1="1" ind2=" ">
    <subfield code="a">Kodo&#x148;ov&#xE1;</subfield>
    <subfield code="4">gup</subfield>
  </datafield>
  <datafield tag="700" ind1="1" ind2=" ">
    <subfield code="a">Kraj&#x10D;ovi&#x10D;ov&#xE1;</subfield>
    <subfield code="4">gup</subfield>
  </datafield>
  <datafield tag="700" ind1="1" ind2=" ">
    <subfield code="a">Ladziansk&#xFD;</subfield>
    <subfield code="4">gup</subfield>
  </datafield>
  <datafield tag="700" ind1="1" ind2=" ">
    <subfield code="a">R&#xE1;kayov&#xE1;</subfield>
    <subfield code="4">gup</subfield>
  </datafield>
  <datafield tag="041" ind1=" " ind2=" ">
    <subfield code="a">slo</subfield>
  </datafield>
  <datafield tag="958" ind1=" " ind2=" ">
    <subfield code="a">A</subfield>
  </datafield>
  <datafield tag="999" ind1=" " ind2=" ">
    <subfield code="c">14950</subfield>
    <subfield code="d">14950</subfield>
  </datafield>
  <datafield tag="952" ind1=" " ind2=" ">
    <subfield code="0">0</subfield>
    <subfield code="1">0</subfield>
    <subfield code="4">0</subfield>
    <subfield code="7">0</subfield>
    <subfield code="8">K</subfield>
    <subfield code="a">10000</subfield>
    <subfield code="b">10000</subfield>
    <subfield code="d">2019-11-29</subfield>
    <subfield code="g">60.00</subfield>
    <subfield code="i">13988</subfield>
    <subfield code="o">I 0087</subfield>
    <subfield code="r">2019-11-29</subfield>
    <subfield code="w">2019-11-29</subfield>
    <subfield code="y">OLDO</subfield>
  </datafield>
</record>
